Grub Street and the Ivory Tower : (Record no. 355331)

MARC details
000 -LEADER
fixed length control field 01401nam a2200361 a 4500
001 - CONTROL NUMBER
control field vtls000398055
003 - CONTROL NUMBER IDENTIFIER
control field NLI
005 - DATE AND TIME OF LATEST TRANSACTION
control field 20210603100655.0
008 - FIXED-LENGTH DATA ELEMENTS--GENERAL INFORMATION
fixed length control field 110125s2009 xxk e 001 0 eng d
020 ## - INTERNATIONAL STANDARD BOOK NUMBER
International Standard Book Number 9780198184133
Terms of availability £78.00
039 #9 - LEVEL OF BIBLIOGRAPHIC CONTROL AND CODING DETAIL [OBSOLETE]
Level of rules in bibliographic description 201103252204
Level of effort used to assign nonsubject heading access points amitu
Level of effort used to assign subject headings 201102022220
Level of effort used to assign classification supriya_alio
Level of effort used to assign subject headings 201102022219
Level of effort used to assign classification supriya_alio
-- 201101252228
-- amitu
040 ## - CATALOGING SOURCE
Original cataloging agency NLI :
Language of cataloging eng
041 0# - LANGUAGE CODE
Language code of text/sound track or separate title eng
044 ## - COUNTRY OF PUBLISHING/PRODUCING ENTITY CODE
MARC country code xxk
082 0# - DEWEY DECIMAL CLASSIFICATION NUMBER
Classification number 801.950941
Edition number 22
245 10 - TITLE STATEMENT
Title Grub Street and the Ivory Tower :
Remainder of title literary journalism and literary scholarship from Fielding to the internet /
Statement of responsibility, etc. edited by Jeremy Treglown and Bridget Bennett
260 ## - PUBLICATION, DISTRIBUTION, ETC.
Place of publication, distribution, etc. Oxford :
Name of publisher, distributor, etc. Clarendon Press,
Date of publication, distribution, etc. 2009
300 ## - PHYSICAL DESCRIPTION
Extent xi, 292 p.;
Dimensions 23 cm.
504 ## - BIBLIOGRAPHY, ETC. NOTE
Bibliography, etc. note Includes bibliographical references and index
650 #0 - SUBJECT ADDED ENTRY--TOPICAL TERM
Topical term or geographic name entry element Journalism and literature
Geographic subdivision Great Britain
9 (RLIN) 582563
650 #0 - SUBJECT ADDED ENTRY--TOPICAL TERM
Topical term or geographic name entry element Englishn literature
General subdivision History and criticism
9 (RLIN) 582564
650 #0 - SUBJECT ADDED ENTRY--TOPICAL TERM
Topical term or geographic name entry element Journalism
Geographic subdivision Great Britain
General subdivision History
9 (RLIN) 309818
700 1# - ADDED ENTRY--PERSONAL NAME
Personal name Treglown, Jeremy,
Relationship edt.
9 (RLIN) 121640
700 1# - ADDED ENTRY--PERSONAL NAME
Personal name Bennett, Bridget,
Relationship edt.
9 (RLIN) 582565
887 ## - NON-MARC INFORMATION FIELD
Content of non-MARC field Amit Uraon
901 ## - LOCAL DATA ELEMENT A, LDA (RLIN)
a 564460 :
b 10.01.2011
902 ## - LOCAL DATA ELEMENT B, LDB (RLIN)
a E 801.950941 G 92
904 ## - LOCAL DATA ELEMENT D, LDD (RLIN)
a Amit Uraon
942 ## - ADDED ENTRY ELEMENTS (KOHA)
Source of classification or shelving scheme Dewey Decimal Classification
Koha item type Books
949 ## - LOCAL PROCESSING INFORMATION (OCLC)
-- VIRTUAITEM
-- 10012
-- 100
6 PUR000564460ENG
Holdings
Withdrawn status Lost status Damaged status Not for loan Collection code Home library Current library Shelving location Date acquired Total Checkouts Full call number Barcode Date last seen Price effective from Koha item type
        New English National Library of India National Library of India New English - Main Stack Division     E 801.950941 G 92 PUR000564460ENG 03/06/2021 03/06/2021 Books
                                                                           
web counter

Copyright ©2020 The National Library of India, Govt. of India ↔ Hosted by NVLI, MOC ↔ Technology and Design by National Library of India, Ministry of Culture, Govt. of India